Código de Minería
Sparad:
| Materialtyp: | Bok |
|---|---|
| Språk: | spanska |
| Publicerad: |
Sucre
Imprenta de Beeche
1852
|
| Ämnen: | |
| Taggar: |
Lägg till en tagg
Inga taggar, Lägg till första taggen!
|
MARC
| LEADER | 00000nam a2200000 a 4500 | ||
|---|---|---|---|
| 001 | UCY2992 | ||
| 003 | CL-VaPUC | ||
| 008 | 941205e18520000BO |||||||||||||||||spa|d | ||
| 082 | 0 | 4 | |a 343.077 |b COD |2 21 |
| 245 | 1 | 0 | |a Código de Minería |
| 246 | 1 | 0 | |a Código boliviano de minería |
| 300 | |a 39 p | ||
| 942 | |c BK | ||
| 945 | |d 19941205 00:00:00 |a aalvarez | ||
| 260 | |a Sucre |b Imprenta de Beeche |c 1852 | ||
| 650 | 0 | |a Derecho minero |9 257109 | |
| 650 | 0 | |a Código de minería |9 256729 | |
| 651 | 0 | |a Bolivia |9 255454 | |
| 583 | |a last modification |c 19941205 00:00:00 |k Rodrigo Vera | ||
| 999 | |c 231246 |d 231244 | ||
| 952 | |0 0 |1 0 |4 0 |6 343_077000000000000_COD_1852 |7 0 |8 DER_ROM |9 234262 |a BIBDER |b BIBDER |d 2019-11-15 |i 3039846 |l 1 |o 343.077 COD 1852 |p 3039846 |r 2023-01-25 |s 2020-03-19 |w 2019-11-15 |x Ubicación 4to piso |y BK_X |z Este recurso debe solicitarse con anticipación |k DER | ||